[Event "Internationaal Jeugdtoernooi Limburg 7"]
[Site "Stein"]
[Date "2001.07.12"]
[Round "2"]
[White "Van Leent, Dmitri"]
[Black "L'Ami, Erwin"]
[Result "0-1"]
[WhiteElo "2006"]
[BlackElo "2329"]
[PlyCount "84"]
[EventDate "2001.07.12"]
[EventType "swiss"]
[EventRounds "7"]
[EventCountry "NED"]
[Source "P.Boonen"]
[SourceDate "2009.01.01"]

1. e4 c5 2. c3 b6 3. d4 Bb7 4. Bd3 Nf6 5. Qe2 cxd4 6. cxd4 Nc6 7. Nf3 Nb4 8. d5
e6 9. Bg5 Be7 10. dxe6 Nxd3+ 11. Qxd3 dxe6 12. Qb5+ Qd7 13. Qxd7+ Nxd7 14. Bxe7
Kxe7 15. Nc3 Nc5 16. O-O Nxe4 17. Nb5 a6 18. Nbd4 Rac8 19. Rac1 f6 20. Rfe1 Bd5
21. a3 Rxc1 22. Rxc1 Kd7 23. Ne1 Nd6 24. Nd3 e5 25. Nb4 Bb7 26. Ne2 a5 27. Na2
Rc8 28. Rxc8 Bxc8 29. Nac3 Nc4 30. Nd1 Kc6 31. Kf1 Bf5 32. Ke1 Kc5 33. Ne3 Bd3
34. Nxc4 Kxc4 35. Nc1 Kd4 36. Kd2 Bc4 37. Kc2 a4 38. Kd2 f5 39. Kc2 e4 40. Kd2
f4 41. g3 f3 42. h4 h5 0-1

[Event "Internationaal Jeugdtoernooi Limburg 7"]
[Site "Stein"]
[Date "2001.07.12"]
[Round "2"]
[White "Van Veen, Oscar"]
[Black "Van Otten, Gerard J"]
[Result "1/2-1/2"]
[WhiteElo "2187"]
[BlackElo "1955"]
[PlyCount "34"]
[EventDate "2001.07.12"]
[EventType "swiss"]
[EventRounds "7"]
[EventCountry "NED"]
[Source "P.Boonen"]
[SourceDate "2009.01.01"]

1. e4 c5 2. Nc3 Nc6 3. f4 g6 4. Nf3 Bg7 5. Bc4 e6 6. O-O Nge7 7. d3 d5 8. Bb3
O-O 9. Qe1 Nd4 10. Qh4 Nxb3 11. axb3 Nc6 12. Qg3 Nd4 13. Rf2 Nxf3+ 14. Rxf3 Bd7
15. exd5 exd5 16. f5 Bxf5 17. Bg5 Qd7 1/2-1/2

[Event "Internationaal Jeugdtoernooi Limburg 7"]
[Site "Stein"]
[Date "2001.07.12"]
[Round "2"]
[White "Van Vliet, Jeffrey"]
[Black "Plukkel, Sjoerd"]
[Result "1-0"]
[WhiteElo "1902"]
[BlackElo "2033"]
[PlyCount "91"]
[EventDate "2001.07.12"]
[EventType "swiss"]
[EventRounds "7"]
[EventCountry "NED"]
[Source "P.Boonen"]
[SourceDate "2009.01.01"]

1. e4 c5 2. Nc3 Nc6 3. g3 g6 4. Bg2 Bg7 5. d3 e6 6. f4 Nge7 7. Be3 d6 8. Nf3
Nd4 9. O-O Nec6 10. e5 dxe5 11. fxe5 Nxe5 12. Nxe5 Bxe5 13. Ne4 O-O 14. c3 Nf5
15. Bxc5 Re8 16. Qf3 Qc7 17. d4 Bg7 18. g4 Nh4 19. Nf6+ Bxf6 20. Qxf6 Nxg2 21.
Kxg2 b6 22. Bd6 Bb7+ 23. Kh3 Qxd6 24. Qxf7+ Kh8 25. Qxb7 Rf8 26. Qe4 Kg8 27.
Rae1 Rae8 28. Rxf8+ Qxf8 29. d5 e5 30. Rd1 Qd6 31. c4 Rf8 32. Re1 Re8 33. a3
Qf6 34. b4 Rf8 35. Qe3 Re8 36. c5 bxc5 37. bxc5 e4 38. d6 Qe6 39. Rb1 Qe5 40.
Qb3+ Kg7 41. Qb2 Kf6 42. d7 Rh8 43. c6 Qxb2 44. Rxb2 Ke7 45. Re2 Kd6 46. Rxe4
1-0

[Event "Internationaal Jeugdtoernooi Limburg 7"]
[Site "Stein"]
[Date "2001.07.13"]
[Round "3"]
[White "Brandenburg, Rik"]
[Black "Blees, Enrico"]
[Result "0-1"]
[WhiteElo "1659"]
[BlackElo "1675"]
[PlyCount "62"]
[EventDate "2001.07.12"]
[EventType "swiss"]
[EventRounds "7"]
[EventCountry "NED"]
[Source "P.Boonen"]
[SourceDate "2009.01.01"]

1. e4 c6 2. d4 d5 3. e5 Bf5 4. Nf3 e6 5. Be2 Nd7 6. O-O c5 7. c3 cxd4 8. cxd4
Ne7 9. Nh4 Rc8 10. Nc3 Bg6 11. Bg5 Qb6 12. Qd2 Nc6 13. Be3 Be7 14. Nxg6 hxg6
15. Rac1 f5 16. f4 Kf7 17. a3 a5 18. Na4 Qa7 19. Nc5 Nxc5 20. dxc5 d4 21. Bxd4
Rhd8 22. g4 Nxd4 23. Qe1 Bxc5 24. Kg2 b6 25. gxf5 Nxf5 26. Bg4 Ne3+ 27. Kg3
Nxf1+ 28. Qxf1 Qc7 29. Kg2 Rd2+ 30. Kh3 Rh8+ 31. Kg3 Qd8 0-1

[Event "Internationaal Jeugdtoernooi Limburg 7"]
[Site "Stein"]
[Date "2001.07.13"]
[Round "3"]
[White "L'Ami, Erwin"]
[Black "Van Vliet, Jeffrey"]
[Result "1-0"]
[WhiteElo "2329"]
[BlackElo "1902"]
[PlyCount "79"]
[EventDate "2001.07.12"]
[EventType "swiss"]
[EventRounds "7"]
[EventCountry "NED"]
[Source "P.Boonen"]
[SourceDate "2009.01.01"]

1. e4 e6 2. d4 d5 3. Nc3 Bb4 4. e5 c5 5. a3 Bxc3+ 6. bxc3 Ne7 7. h4 Nbc6 8. h5
Qa5 9. Bd2 Qa4 10. Nf3 cxd4 11. cxd4 Nxd4 12. Bd3 Nec6 13. Kf1 Nxf3 14. Qxf3
Bd7 15. Qg3 Na5 16. Qxg7 O-O-O 17. Bxa5 Qxa5 18. Rh4 Qc3 19. Re1 d4 20. Rg4 Bc6
21. h6 Bd5 22. Qf6 Rhg8 23. Rg7 Rdf8 24. Rd1 Bc4 25. Bxc4 Qxc4+ 26. Kg1 Qxc2
27. Rxd4 Qc1+ 28. Kh2 Qxa3 29. Rdg4 Rh8 30. Rxf7 Kb8 31. Rgg7 Rxf7 32. Qxf7 Qb4
33. Rg8+ Rxg8 34. Qxg8+ Kc7 35. Qxh7+ Kb6 36. g3 a5 37. Qf7 a4 38. h7 a3 39.
h8=Q Qb3 40. Qd8+ 1-0

[Event "Internationaal Jeugdtoernooi Limburg 7"]
[Site "Stein"]
[Date "2001.07.13"]
[Round "3"]
[White "Michielsen, Joost"]
[Black "Heltzel, Joost"]
[Result "0-1"]
[WhiteElo "2024"]
[BlackElo "2139"]
[PlyCount "62"]
[EventDate "2001.07.12"]
[EventType "swiss"]
[EventRounds "7"]
[EventCountry "NED"]
[Source "P.Boonen"]
[SourceDate "2009.01.01"]

1. e4 c6 2. c4 d5 3. exd5 cxd5 4. cxd5 Qxd5 5. Nc3 Qd8 6. Nf3 Nf6 7. d4 e6 8.
Bd3 Nc6 9. a3 Be7 10. O-O O-O 11. Bc2 b6 12. Qd3 Bb7 13. Re1 Qd6 14. Bg5 g6 15.
Rad1 Rac8 16. Bb3 Rfd8 17. Qe3 Ng4 18. Qe2 Bxg5 19. Ne4 Qf4 20. g3 Qf5 21.
Nexg5 Na5 22. Nxf7 Nxb3 23. Nxd8 Bxf3 24. Qxe6+ Qxe6 25. Nxe6 Bxd1 26. Rxd1 Rc2
27. d5 Nf6 28. d6 Nd7 29. Rd3 Rxb2 30. Rc3 Nbc5 31. Re3 Rd2 0-1

[Event "Internationaal Jeugdtoernooi Limburg 7"]
[Site "Stein"]
[Date "2001.07.13"]
[Round "3"]
[White "Monteban, Martijn"]
[Black "Broersen, Sjors"]
[Result "1-0"]
[WhiteElo "2086"]
[BlackElo "2062"]
[PlyCount "105"]
[EventDate "2001.07.12"]
[EventType "swiss"]
[EventRounds "7"]
[EventCountry "NED"]
[Source "P.Boonen"]
[SourceDate "2009.01.01"]

1. Nf3 Nf6 2. c4 g6 3. g3 Bg7 4. Bg2 c5 5. O-O O-O 6. d4 d6 7. Nc3 Nbd7 8. b3
Rb8 9. Bb2 a6 10. a4 b6 11. Qc2 cxd4 12. Nxd4 Bb7 13. Bxb7 Rxb7 14. Rfd1 Qc8
15. Rac1 Rc7 16. Nf3 Nc5 17. Nd2 Qh3 18. Nf1 Rcc8 19. Ne3 Ncd7 20. Ncd5 Rfe8
21. Nf4 Qh6 22. Qb1 Nc5 23. Bxf6 Bxf6 24. Nfd5 Bg5 25. f4 Bf6 26. Ng4 Qg7 27.
Ngxf6+ exf6 28. Nxb6 Rb8 29. Rxd6 f5 30. Nd7 Rxb3 31. Nf6+ Kh8 32. Qc2 Reb8 33.
Rcd1 Qf8 34. Qd2 Ne4 35. Nxe4 fxe4 36. Qd4+ Kg8 37. Qxe4 Rb1 38. Rxb1 Rxb1+ 39.
Qxb1 Qxd6 40. Qd3 Qc5+ 41. e3 Qb4 42. c5 Qxc5 43. Qd8+ Qf8 44. Qxf8+ Kxf8 45.
e4 Ke7 46. e5 Ke6 47. Kf2 Kd5 48. Ke3 Kc5 49. Ke4 a5 50. g4 Kb4 51. f5 Kc5 52.
f6 g5 53. e6 1-0

[Event "Internationaal Jeugdtoernooi Limburg 7"]
[Site "Stein"]
[Date "2001.07.13"]
[Round "3"]
[White "Nabuurs, Joep"]
[Black "Van Dooren, Dirk"]
[Result "1-0"]
[WhiteElo "1668"]
[BlackElo "1617"]
[PlyCount "49"]
[EventDate "2001.07.12"]
[EventType "swiss"]
[EventRounds "7"]
[EventCountry "NED"]
[Source "P.Boonen"]
[SourceDate "2009.01.01"]

1. e4 e5 2. Nf3 Nc6 3. d4 exd4 4. Bc4 Nf6 5. O-O Bc5 6. e5 d5 7. exf6 dxc4 8.
Re1+ Be6 9. Ng5 Qd5 10. Nc3 Qf5 11. Nce4 O-O-O 12. g4 Qe5 13. Nxe6 fxe6 14. Bg5
g6 15. f7 Be7 16. f4 Qg7 17. Bxe7 Nxe7 18. Ng5 Qf6 19. Nxe6 Qxf7 20. Nxd8 Rxd8
21. Qf3 Nd5 22. Re4 Ne3 23. Rc1 Qd7 24. c3 d3 25. Rxe3 1-0

[Event "Internationaal Jeugdtoernooi Limburg 7"]
[Site "Stein"]
[Date "2001.07.13"]
[Round "3"]
[White "Nabuurs, Mart"]
[Black "Van Blokland, Tjerk"]
[Result "1/2-1/2"]
[WhiteElo "1596"]
[BlackElo "1662"]
[PlyCount "34"]
[EventDate "2001.07.12"]
[EventType "swiss"]
[EventRounds "7"]
[EventCountry "NED"]
[Source "P.Boonen"]
[SourceDate "2009.01.01"]

1. e4 e6 2. d4 d5 3. exd5 exd5 4. Bd3 Bd6 5. Ne2 Nf6 6. O-O O-O 7. Bf4 Bg4 8.
Bxd6 Qxd6 9. Re1 Re8 10. c3 c6 11. Nd2 Nbd7 12. h3 Bh5 13. Qc2 Bg6 14. Bxg6
hxg6 15. Ng3 Re6 16. Rxe6 Qxe6 17. Nf3 Qd6 1/2-1/2

[Event "Internationaal Jeugdtoernooi Limburg 7"]
[Site "Stein"]
[Date "2001.07.13"]
[Round "3"]
[White "Ruygrok, Dennis"]
[Black "Cornelissen, Philip"]
[Result "1-0"]
[WhiteElo "1937"]
[BlackElo "1285"]
[PlyCount "31"]
[EventDate "2001.07.12"]
[EventType "swiss"]
[EventRounds "7"]
[EventCountry "NED"]
[Source "P.Boonen"]
[SourceDate "2009.01.01"]

1. e4 e5 2. Nf3 Nc6 3. Bc4 Bc5 4. c3 Nf6 5. d4 exd4 6. cxd4 Bb4+ 7. Nc3 Nxe4 8.
O-O Bxc3 9. d5 Bf6 10. Re1 O-O 11. Rxe4 Ne7 12. d6 cxd6 13. Qxd6 Qb6 14. Bf4
Nf5 15. Qd5 d6 16. Qxf7+ 1-0

[Event "Internationaal Jeugdtoernooi Limburg 7"]
[Site "Stein"]
[Date "2001.07.13"]
[Round "3"]
[White "Schilperoort, Jeroen"]
[Black "Van Veen, Oscar"]
[Result "1/2-1/2"]
[WhiteElo "1919"]
[BlackElo "2187"]
[PlyCount "65"]
[EventDate "2001.07.12"]
[EventType "swiss"]
[EventRounds "7"]
[EventCountry "NED"]
[Source "P.Boonen"]
[SourceDate "2009.01.01"]

1. e4 e5 2. Nf3 Nc6 3. d4 exd4 4. Nxd4 Nf6 5. Nxc6 bxc6 6. Bd3 d5 7. exd5 cxd5
8. O-O Be7 9. Nc3 O-O 10. Bg5 c6 11. h3 Rb8 12. Rb1 h6 13. Bf4 Bd6 14. Bxd6
Qxd6 15. a3 c5 16. Re1 Be6 17. Qf3 Rb7 18. b3 Rfb8 19. Bf5 Bxf5 20. Qxf5 c4 21.
b4 a5 22. bxa5 Rxb1 23. Rxb1 Rxb1+ 24. Nxb1 Qa6 25. a4 Qxa5 26. Qc8+ Kh7 27.
Qf5+ Kh8 28. Qc8+ Ng8 29. Qe8 Qb4 30. Qb5 Qe1+ 31. Kh2 Qxf2 32. a5 Qf4+ 33. Kg1
1/2-1/2

[Event "Internationaal Jeugdtoernooi Limburg 7"]
[Site "Stein"]
[Date "2001.07.13"]
[Round "3"]
[White "Simenon, Jozef"]
[Black "Van Oosterom, Chiel"]
[Result "1/2-1/2"]
[WhiteElo "1765"]
[BlackElo "1762"]
[PlyCount "30"]
[EventDate "2001.07.12"]
[EventType "swiss"]
[EventRounds "7"]
[EventCountry "NED"]
[Source "P.Boonen"]
[SourceDate "2009.01.01"]

1. d4 Nf6 2. Nf3 e6 3. c4 c5 4. g3 d5 5. cxd5 Nxd5 6. Bg2 Nc6 7. O-O b6 8. Nc3
Bb7 9. e4 Nxc3 10. bxc3 cxd4 11. cxd4 Rc8 12. Qa4 Be7 13. Bb2 O-O 14. a3 Na5
15. Nd2 Bc6 1/2-1/2

[Event "Internationaal Jeugdtoernooi Limburg 7"]
[Site "Stein"]
[Date "2001.07.13"]
[Round "3"]
[White "Sminia, Jelmer"]
[Black "Jansen, Bob"]
[Result "1/2-1/2"]
[WhiteElo "1879"]
[BlackElo "1882"]
[PlyCount "63"]
[EventDate "2001.07.12"]
[EventType "swiss"]
[EventRounds "7"]
[EventCountry "NED"]
[Source "P.Boonen"]
[SourceDate "2009.01.01"]

1. e4 e6 2. d4 d5 3. exd5 exd5 4. Bd3 Bd6 5. Ne2 Ne7 6. Bf4 O-O 7. Nd2 Bg4 8.
Nf3 Re8 9. Qd2 Bxf3 10. gxf3 Bxf4 11. Qxf4 Ng6 12. Qg3 c5 13. dxc5 Qa5+ 14. Kf1
Nc6 15. f4 Qxc5 16. Rg1 Qf8 17. h4 a6 18. h5 Nge7 19. f5 Kh8 20. f6 gxf6 21.
Qf4 Ng8 22. Qf5 Qh6 23. Qxd5 Ne5 24. Rd1 Rad8 25. Qg2 Ne7 26. Qxb7 Nd5 27. c4
Qxh5 28. Qb3 Qh3+ 29. Rg2 Ne7 30. Bc2 Nf3 31. Qc3 Nh2+ 32. Kg1 1/2-1/2

[Event "Internationaal Jeugdtoernooi Limburg 7"]
[Site "Stein"]
[Date "2001.07.13"]
[Round "3"]
[White "Spronkmans, Stefan"]
[Black "Van Leent, Dmitri"]
[Result "1/2-1/2"]
[WhiteElo "1766"]
[BlackElo "2006"]
[PlyCount "65"]
[EventDate "2001.07.12"]
[EventType "swiss"]
[EventRounds "7"]
[EventCountry "NED"]
[Source "P.Boonen"]
[SourceDate "2009.01.01"]

1. e4 c5 2. Nf3 Nc6 3. d4 cxd4 4. Nxd4 g6 5. Nc3 Bg7 6. Be3 Nf6 7. Be2 O-O 8.
O-O d5 9. exd5 Nxd5 10. Nxd5 Qxd5 11. Nxc6 Qxc6 12. c3 Bf5 13. Qb3 Rfd8 14.
Rfd1 Be4 15. Bb5 Qc7 16. Bc4 e6 17. Bxe6 Be5 18. Bc4 Bxh2+ 19. Kh1 Bf4 20.
Bxf7+ Qxf7 21. Qxf7+ Kxf7 22. Bxf4 Bc2 23. Rd4 Rxd4 24. cxd4 Be4 25. Rc1 Bc6
26. Kg1 Re8 27. Be5 Re7 28. Kf1 a6 29. g3 Ke6 30. Ke2 Rf7 31. Rc3 Bb5+ 32. Ke3
Bc6 33. Ke2 1/2-1/2

[Event "Internationaal Jeugdtoernooi Limburg 7"]
[Site "Stein"]
[Date "2001.07.13"]
[Round "3"]
[White "Van Otten, Gerard J"]
[Black "Holtackers, Daan"]
[Result "0-1"]
[WhiteElo "1955"]
[BlackElo "1935"]
[PlyCount "50"]
[EventDate "2001.07.12"]
[EventType "swiss"]
[EventRounds "7"]
[EventCountry "NED"]
[Source "P.Boonen"]
[SourceDate "2009.01.01"]

1. e4 c5 2. Nf3 e6 3. d4 cxd4 4. Nxd4 Nc6 5. Nc3 d6 6. Be3 Nf6 7. Bc4 a6 8. Bb3
Na5 9. Qe2 Be7 10. O-O-O Nxb3+ 11. axb3 Qc7 12. g4 b5 13. g5 Nd7 14. Nf5 exf5
15. Nd5 Qc6 16. exf5 Ne5 17. f6 gxf6 18. gxf6 Bd8 19. f4 Bg4 20. Qg2 Bf3 21.
Qg7 Bxd5 22. Qxh8+ Kd7 23. Qxh7 Be4 24. Qh3+ Kc7 25. Rd2 Nf3 0-1

[Event "Internationaal Jeugdtoernooi Limburg 7"]
[Site "Stein"]
[Date "2001.07.13"]
[Round "3"]
[White "Van Ruitenburg, Joost"]
[Black "Muhren, Willem"]
[Result "1-0"]
[WhiteElo "2154"]
[BlackElo "2042"]
[PlyCount "95"]
[EventDate "2001.07.12"]
[EventType "swiss"]
[EventRounds "7"]
[EventCountry "NED"]
[Source "P.Boonen"]
[SourceDate "2009.01.01"]

1. d4 Nf6 2. Bg5 Ne4 3. Bh4 g5 4. Bg3 c5 5. Be5 Rg8 6. Qd3 d5 7. f3 c4 8. Qd1
Nd6 9. Nc3 Nc6 10. e4 dxe4 11. Bxd6 Qxd6 12. Nxe4 Qb4+ 13. c3 Qxb2 14. Bxc4
Qxg2 15. Qb3 Qxh1 16. O-O-O Qxh2 17. Bxf7+ Kd8 18. Bxg8 Kc7 19. Qc4 e6 20. Ne2
b5 21. Qd3 Rb8 22. N4g3 Ba3+ 23. Kd2 Na5 24. Rh1 Qg2 25. Rxh7+ Kb6 26. Kc2 Bb7
27. Bxe6 Qxf3 28. Rxb7+ Qxb7 29. c4 Be7 30. c5+ Kc7 31. Qh7 Kd8 32. Qh8+ Kc7
33. Qe5+ Kd8 34. Ne4 Nc4 35. Qh8+ Kc7 36. Qh2+ Kd8 37. N2c3 b4 38. Nd5 Ne3+ 39.
Kb3 Nxd5 40. Qh8+ Kc7 41. Qe5+ Kd8 42. Bxd5 Qb5 43. Bc4 Qb7 44. d5 Qc8 45. d6
Qh3+ 46. Kc2 Qg2+ 47. Nd2 Bf8 48. Qf6+ 1-0

[Event "Internationaal Jeugdtoernooi Limburg 7"]
[Site "Stein"]
[Date "2001.07.13"]
[Round "4"]
[White "Blees, Enrico"]
[Black "Cornelissen, Philip"]
[Result "1/2-1/2"]
[WhiteElo "1675"]
[BlackElo "1285"]
[PlyCount "26"]
[EventDate "2001.07.12"]
[EventType "swiss"]
[EventRounds "7"]
[EventCountry "NED"]
[Source "P.Boonen"]
[SourceDate "2009.01.01"]

1. d4 Nf6 2. c4 g6 3. Nc3 Bg7 4. e4 d6 5. f3 O-O 6. Bd3 e5 7. d5 Nbd7 8. Nge2
Nc5 9. Bc2 a5 10. O-O Ne8 11. Be3 h6 12. a3 f5 13. b4 Nd7 1/2-1/2

[Event "Internationaal Jeugdtoernooi Limburg 7"]
[Site "Stein"]
[Date "2001.07.13"]
[Round "4"]
[White "Brandenburg, Daan"]
[Black "Van Blokland, Tjerk"]
[Result "1-0"]
[WhiteElo "1864"]
[BlackElo "1662"]
[PlyCount "67"]
[EventDate "2001.07.12"]
[EventType "swiss"]
[EventRounds "7"]
[EventCountry "NED"]
[Source "P.Boonen"]
[SourceDate "2009.01.01"]

1. e4 c6 2. d4 d5 3. Nd2 dxe4 4. Nxe4 Nf6 5. Ng3 e6 6. Nf3 Nbd7 7. Bc4 Nb6 8.
Bb3 Bd6 9. Qe2 O-O 10. c3 Qc7 11. O-O h6 12. Ne5 Nbd7 13. Nc4 Bf4 14. Bxf4 Qxf4
15. Ne5 Nd5 16. Nh5 Qh4 17. Bc2 N7f6 18. Nxf6+ Nxf6 19. f4 Qh5 20. Qd3 Qf5 21.
Qd2 Qh5 22. Rf3 Ne4 23. Bxe4 f5 24. Rh3 Qe8 25. Bf3 Bd7 26. Bh5 Qd8 27. Bg6 Be8
28. Rg3 Rf6 29. Qe2 Bxg6 30. Rxg6 Rxg6 31. Nxg6 Qf6 32. Ne5 Re8 33. Qh5 Qe7 34.
Re1 1-0

[Event "Internationaal Jeugdtoernooi Limburg 7"]
[Site "Stein"]
[Date "2001.07.13"]
[Round "4"]
[White "Broersen, Sjors"]
[Black "Nabuurs, Joep"]
[Result "0-1"]
[WhiteElo "2062"]
[BlackElo "1668"]
[PlyCount "86"]
[EventDate "2001.07.12"]
[EventType "swiss"]
[EventRounds "7"]
[EventCountry "NED"]
[Source "P.Boonen"]
[SourceDate "2009.01.01"]

1. e4 e6 2. d4 d5 3. e5 c5 4. c3 Qb6 5. Nf3 Nc6 6. a3 cxd4 7. cxd4 Nge7 8. b4
Nf5 9. Be3 Be7 10. Bd3 Nxe3 11. fxe3 O-O 12. O-O Bd7 13. Nc3 f6 14. exf6 Bxf6
15. Kh1 Rac8 16. Rc1 Be8 17. Qc2 h6 18. Qe2 Bf7 19. Bb1 Ne7 20. Na4 Qd6 21.
Rxc8 Rxc8 22. Nc5 b6 23. Nd3 Bg6 24. Ba2 Rc3 25. Bb1 Rxa3 26. Qd2 Bxd3 27. Bxd3
Rb3 28. b5 Qb4 29. Qxb4 Rxb4 30. Ra1 Rb3 31. Ne1 Nf5 32. e4 Nxd4 33. exd5 Nxb5
34. Bc4 Bxa1 35. Bxb3 exd5 36. Bxd5+ Kf8 37. Nc2 Be5 38. Nb4 a5 39. Nd3 Bd4 40.
Nc1 Nc3 41. Bc6 a4 42. Bd7 Ke7 43. Bf5 a3 0-1

[Event "Internationaal Jeugdtoernooi Limburg 7"]
[Site "Stein"]
[Date "2001.07.13"]
[Round "4"]
[White "Holtackers, Daan"]
[Black "L'Ami, Erwin"]
[Result "0-1"]
[WhiteElo "1935"]
[BlackElo "2329"]
[PlyCount "102"]
[EventDate "2001.07.12"]
[EventType "swiss"]
[EventRounds "7"]
[EventCountry "NED"]
[Source "P.Boonen"]
[SourceDate "2009.01.01"]

1. d4 Nf6 2. c4 g6 3. Nf3 Bg7 4. Nc3 d5 5. e3 O-O 6. Bd3 c5 7. O-O cxd4 8. exd4
Nc6 9. h3 dxc4 10. Bxc4 Na5 11. Bd3 b6 12. Bf4 Bb7 13. Re1 Rc8 14. Qe2 Nd5 15.
Nxd5 Bxd5 16. Ba6 Rc6 17. Ne5 Re6 18. Qd2 Qa8 19. Bf1 Rd8 20. Bh6 Nc6 21. Bxg7
Kxg7 22. Ng4 h5 23. Qh6+ Kg8 24. Rxe6 Bxe6 25. Bd3 hxg4 26. Bxg6 fxg6 27. Qxg6+
Kf8 28. Qxe6 Nxd4 29. Qh6+ Ke8 30. Qh8+ Kf7 31. Qh7+ Kf6 32. Qh6+ Ke5 33. Re1+
Kd5 34. Qg5+ Kc6 35. Rc1+ Kd6 36. Qf4+ Kd5 37. Qf7+ e6 38. Qh5+ Kd6 39. Qxg4
Qd5 40. Rd1 Kc7 41. Re1 Kb7 42. Qe4 Qxe4 43. Rxe4 Kc6 44. h4 Kd5 45. Rg4 Nf5
46. h5 Rh8 47. Ra4 Rxh5 48. Rxa7 Nd4 49. Rd7+ Ke4 50. a4 Ne2+ 51. Kf1 Nf4 0-1

[Event "Internationaal Jeugdtoernooi Limburg 7"]
[Site "Stein"]
[Date "2001.07.13"]
[Round "4"]
[White "Jansen, Bob"]
[Black "Spronkmans, Stefan"]
[Result "1-0"]
[WhiteElo "1882"]
[BlackElo "1766"]
[PlyCount "91"]
[EventDate "2001.07.12"]
[EventType "swiss"]
[EventRounds "7"]
[EventCountry "NED"]
[Source "P.Boonen"]
[SourceDate "2009.01.01"]

1. d4 d5 2. c4 e6 3. Nc3 Nf6 4. cxd5 exd5 5. Bg5 Be7 6. Qc2 Nc6 7. e3 O-O 8. a3
Re8 9. Nf3 Be6 10. Bb5 Nd7 11. h4 f6 12. Bf4 Ncb8 13. h5 Kh8 14. Bd3 Nf8 15.
Nb5 Na6 16. Bxc7 Qd7 17. Bf4 Rac8 18. Qe2 Ra8 19. Rc1 Rec8 20. O-O Bf5 21. Nc3
Nc7 22. Rc2 Bg4 23. h6 g5 24. Bg3 Nfe6 25. Rfc1 a6 26. Qf1 Bf8 27. Nh2 Bh5 28.
Ne2 Bxh6 29. Bf5 Ne8 30. Ng4 Bg7 31. Nc3 Bg6 32. Qd3 Nf4 33. Bxd7 Nxd3 34. Rd1
Rd8 35. Bxe8 Rxe8 36. Rcd2 Rac8 37. Rxd3 Bxd3 38. Rxd3 Red8 39. Nh2 b5 40. f3
Bf8 41. Nf1 b4 42. axb4 Bxb4 43. e4 dxe4 44. fxe4 Rc4 45. Nd5 Kg7 46. b3 1-0

[Event "Internationaal Jeugdtoernooi Limburg 7"]
[Site "Stein"]
[Date "2001.07.13"]
[Round "4"]
[White "Kommer, Bas"]
[Black "Schilperoort, Jeroen"]
[Result "1-0"]
[WhiteElo "1940"]
[BlackElo "1919"]
[PlyCount "49"]
[EventDate "2001.07.12"]
[EventType "swiss"]
[EventRounds "7"]
[EventCountry "NED"]
[Source "P.Boonen"]
[SourceDate "2009.01.01"]

1. d4 d5 2. Nf3 Nf6 3. Bg5 Nbd7 4. e3 e6 5. Bd3 Be7 6. Nbd2 c5 7. c3 O-O 8. O-O
b6 9. Ne5 Nxe5 10. dxe5 Nd7 11. Bxe7 Qxe7 12. f4 a5 13. Nf3 h6 14. Qe2 Nb8 15.
e4 Ba6 16. exd5 exd5 17. f5 Qd7 18. Rae1 Bxd3 19. Qxd3 Nc6 20. f6 g6 21. e6 c4
22. Qc2 Qc7 23. e7 Rfe8 24. Qd2 Kh7 25. Qxd5 1-0

[Event "Internationaal Jeugdtoernooi Limburg 7"]
[Site "Stein"]
[Date "2001.07.13"]
[Round "4"]
[White "Muhren, Willem"]
[Black "Michielsen, Joost"]
[Result "0-1"]
[WhiteElo "2042"]
[BlackElo "2024"]
[PlyCount "92"]
[EventDate "2001.07.12"]
[EventType "swiss"]
[EventRounds "7"]
[EventCountry "NED"]
[Source "P.Boonen"]
[SourceDate "2009.01.01"]

1. e4 e6 2. Qe2 Be7 3. d3 d5 4. Nd2 Nf6 5. Ngf3 Nc6 6. g3 e5 7. c3 Be6 8. Bg2
O-O 9. O-O Nd7 10. Ng5 dxe4 11. Nxe6 exd3 12. Qxd3 fxe6 13. Qc4 Nc5 14. Bxc6
bxc6 15. b4 Nd3 16. Qxe6+ Kh8 17. Ne4 Qd5 18. Qxe7 Qxe4 19. Be3 Rf6 20. Rad1
Raf8 21. Bxa7 Nf4 22. gxf4 Rg6+ 23. Qg5 Qf3 24. Bc5 Ra8 25. a4 exf4 26. Qxg6
hxg6 27. a5 Qxc3 28. f3 Rxa5 29. bxa5 Qxc5+ 30. Rf2 Qxa5 31. Rc1 Qg5+ 32. Kh1
Qd5 33. Rc3 g5 34. h3 c5 35. Kg2 Qe5 36. Rc4 Qd6 37. Rfc2 Qh6 38. Kh2 Qh5 39.
Rf2 Qh4 40. Rg2 g4 41. fxg4 f3 42. Rg1 Qf2+ 43. Kh1 Qe3 44. g5 f2 45. Rh4+ Kg8
46. Rf1 Qg3 0-1

[Event "Internationaal Jeugdtoernooi Limburg 7"]
[Site "Stein"]
[Date "2001.07.13"]
[Round "4"]
[White "Plukkel, Sjoerd"]
[Black "Nabuurs, Mart"]
[Result "1-0"]
[WhiteElo "2033"]
[BlackElo "1596"]
[PlyCount "75"]
[EventDate "2001.07.12"]
[EventType "swiss"]
[EventRounds "7"]
[EventCountry "NED"]
[Source "P.Boonen"]
[SourceDate "2009.01.01"]

1. e4 e6 2. d4 d5 3. e5 c5 4. c3 Nc6 5. Nf3 Qb6 6. a3 cxd4 7. cxd4 Nge7 8. b4
Nf5 9. Be3 a5 10. b5 Na7 11. Nc3 Bd7 12. Bd3 Nxe3 13. fxe3 Be7 14. O-O O-O 15.
Qc2 h6 16. g4 Rfc8 17. Qd2 Qd8 18. Kh1 Qe8 19. Qb2 b6 20. Rg1 Qd8 21. Ne2 Bg5
22. Nxg5 Qxg5 23. Nf4 Qe7 24. Qe2 Rc3 25. g5 Bxb5 26. Bxb5 Nxb5 27. gxh6 g6 28.
Qxb5 Rxe3 29. Rg4 Kh7 30. Rag1 Kxh6 31. Qb1 Re4 32. R1g3 Rh8 33. Qxb6 Qe8 34.
Qb1 Qd8 35. Qg1 Qe8 36. Rxg6+ fxg6 37. Rxg6+ Kh7 38. Rg7+ 1-0

[Event "Internationaal Jeugdtoernooi Limburg 7"]
[Site "Stein"]
[Date "2001.07.13"]
[Round "4"]
[White "Stoffers, Jeffrey"]
[Black "Simenon, Jozef"]
[Result "1-0"]
[WhiteElo "1283"]
[BlackElo "1765"]
[PlyCount "137"]
[EventDate "2001.07.12"]
[EventType "swiss"]
[EventRounds "7"]
[EventCountry "NED"]
[Source "P.Boonen"]
[SourceDate "2009.01.01"]

1. e4 c5 2. Nf3 d6 3. d4 cxd4 4. Nxd4 Nf6 5. Nc3 g6 6. Be3 Bg7 7. f3 O-O 8. Qd2
Nc6 9. O-O-O Nxd4 10. Bxd4 Be6 11. g4 Qc7 12. h4 Rfc8 13. h5 Qa5 14. hxg6 hxg6
15. Be3 Rxc3 16. Qxc3 Qxa2 17. Qa3 Qxa3 18. bxa3 Rc8 19. Bxa7 Ra8 20. Bd4 Rxa3
21. Be2 Nd7 22. Bxg7 Kxg7 23. Kd2 Ne5 24. Rhf1 Nc4+ 25. Bxc4 Bxc4 26. Ra1 Rxa1
27. Rxa1 Kf6 28. Rb1 b5 29. f4 Ke6 30. g5 d5 31. exd5+ Kxd5 32. Re1 Kd6 33. Kc3
Kd7 34. Kb4 Kd6 35. Ka5 Kd7 36. Kb6 Kd6 37. c3 Kd7 38. Kc5 Kd8 39. Kc6 Ke8 40.
Ra1 f6 41. gxf6 exf6 42. Ra7 Kf8 43. Kd6 Bb3 44. Kc5 Bc4 45. Rb7 Kg8 46. Kd6
Kf8 47. Re7 Kg8 48. Re1 Kf7 49. Rh1 Bb3 50. Rh7+ Kf8 51. Rc7 Bc4 52. Rb7 g5 53.
fxg5 fxg5 54. Ke5 g4 55. Kf4 Be2 56. Kg3 Ke8 57. Rg7 Kd8 58. Kf2 Bf3 59. Rg5
Kc7 60. Rxb5 Kc6 61. Rg5 Bd1 62. Ke3 Bf3 63. Kd4 Bd1 64. Rg6+ Kc7 65. Kc5 Bf3
66. Rg7+ Kc8 67. Kd6 Bd1 68. c4 Bf3 69. c5 1-0